00715nam a2200241 a 4500001001300000003000900013005001700022008004100039020000900080082001600089100002300105245005100128260004100179300000900220500003500229505001000264650001900274700002300293902000800316942000700324952012700331999001500458nice12345678IN_TiNIC20260116012618.0050524s1980 newa grp 000 0 eng  ac8000a954.55bUPR aUprety, Prem Raman aReligion and Politics in Punjab in the 1920`s. aNew DelhibSterling Publishersc1980 a222p aincludes index and biblioraphy2 aIndex aPanjab-History1 aUprety, Prem Raman bSRS cBK 001040708StackRoom-aHMIbHMId2007-04-10g80.00l1o954.55 UPRp011428r2023-03-14s2023-02-17v80.00w2005-05-24yBK c7667d7667